000 01437cam a2200133 4500500
005 20251214002024.0
041 _afre
042 _adc
100 1 0 _aLeriche, Frédéric
_eauthor
245 0 0 _aLes États-Unis : Géographie d'une grande puissance
260 _bArmand Colin,
_c2016.
520 _aÉchec de la guerre en Afghanistan et de l’intervention en Irak, épicentre de la crise économique, balance commerciale déficitaire, croissance des inégalités et de la violence sociale... les statuts d’« hyperpuissance » ou de « superpuissance » que les États-Unis avaient acquis semblent bien révolus. Néanmoins, nombre des mécanismes économiques, sociétaux, culturels ou politiques qui leur ont permis de devenir la puissance mondiale du XXe siècle, sont aujourd’hui toujours à l’œuvre.Par une approche résolument géographique des États-Unis, cet ouvrage permet à la fois de comprendre les leviers à l’origine de la puissance américaine (immensité du territoire, richesse du milieu naturel, population nombreuse et qualifiée, économie diversifiée...) et ses dysfonctionnements et contradictions intrinsèques. Il tente également d’interroger, voire de déconstruire, un certain nombre de préjugés dont les États-Unis sont la cible, et qu’ils véhiculent parfois eux-mêmes.
856 4 1 _uhttps://shs.cairn.info/les-etats-unis--9782200288471?lang=fr&redirect-ssocas=7080
999 _c1566695
_d1566695